Что необходимо знать при выборе выключателя; Энергосбережение; № 6

Bibliographic Details
Parent link:Энергосбережение: специализированный журнал/ Ассоциация инженеров по отоплению, вентиляции, кондиционированию воздуха, теплоснабжению и строительной теплофизике (АВОК), ООО ИИП "АВОК-ПРЕСС".— , 2000-.— 1609-7505
№ 6.— 2003.— С. 64
Main Author: Скубачевский В. В.
Language:Russian
Published: 2003
Series:Электроснабжение
Subjects:
Format: Book Chapter
KOHA link:https://koha.lib.tpu.ru/cgi-bin/koha/opac-detail.pl?biblionumber=390367

MARC

LEADER 00000naa2a2200000 4500
001 390367
005 20231101063951.0
035 |a (RuTPU)RU\TPU\prd\23357 
090 |a 390367 
100 |a 20040301a2003 k y0rusy50 ca 
101 0 |a rus 
102 |a RU 
200 1 |a Что необходимо знать при выборе выключателя  |f В. В. Скубачевский 
225 1 |a Электроснабжение 
461 1 |0 (RuTPU)RU\TPU\prd\913  |x 1609-7505  |t Энергосбережение  |o специализированный журнал  |f Ассоциация инженеров по отоплению, вентиляции, кондиционированию воздуха, теплоснабжению и строительной теплофизике (АВОК), ООО ИИП "АВОК-ПРЕСС"  |d 2000- 
463 1 |0 (RuTPU)RU\TPU\prd\21216  |t № 6  |v С. 64  |d 2003 
610 1 |a выключатели 
610 1 |a вакуумные выключатели 
610 1 |a электромагнитный привод 
610 1 |a электроснабжение 
610 1 |a коммутационные аппараты 
700 1 |a Скубачевский  |b В. В. 
801 1 |a RU  |b 63413507  |c 20040301  |g PSBO 
801 2 |a RU  |b 63413507  |c 20120417  |g RCR 
942 |c BK